| 000 | 00518nam a2200193 i 4500 | ||
|---|---|---|---|
| 001 | bgj | ||
| 100 | 1 | _aHALL, Eugene J. | |
| 245 | 1 | 0 |
_aGrammar for use / _cEugene J. Hall. |
| 260 |
_aLincolnwood, Ill. : _bNational Textbook, _c1991. |
||
| 300 |
_aIX, 337 pp ; _c23 cm. |
||
| 650 | 9 |
_aEnglish language _xGrammar |
|
| 655 | _aTextbooks for foreigners | ||
| 020 | _a0832506605 (pbk) | ||
| 040 | _cBPK | ||
| 041 | _aeng | ||
| 920 | _a0-8325-0660-5 (pbk) | ||
| 942 | _cKS | ||
| 008 | s uk f |000 0 eng | ||
| 999 |
_c49352 _d49352 |
||
| 856 |
_uhttp://koha.tu.koszalin.pl/cgi-bin/koha/opac-detail.pl?biblionumber=49352 _yKatalog online BPK |
||